| 000 | 00883nam a2200277 i 4500 | ||
|---|---|---|---|
| 001 | 2697537 | ||
| 005 | 20151106124800.0 | ||
| 008 | 760513t19711967fr b 001 0 fre | ||
| 010 | _a 75502277 | ||
| 015 | _aF*** | ||
| 040 |
_aDLC _cDLC _dDLC |
||
| 043 | _ae-fr--- | ||
| 050 | 0 | 0 |
_aPQ631 _b.R343 1967 |
| 082 | 0 | 0 | _a843/.03 |
| 100 | 1 |
_aRaimond, Michel. _921015 |
|
| 245 | 1 | 3 |
_aLe roman depuis la Révolution / _cMichel Raimond. |
| 260 |
_aParis : _bA. Colin, _c1971, c1967. |
||
| 300 |
_a270 p. ; _c24 cm. |
||
| 490 | 0 | _aCollection U : Série Lettres françaises | |
| 500 | _aIncludes indexes. | ||
| 504 | _aBibliography: p. 380-387. | ||
| 650 | 0 |
_aFrench fiction _y19th century _xHistory and criticism. _921016 |
|
| 650 | 0 |
_aFrench fiction _y20th century _xHistory and criticism. _921017 |
|
| 906 |
_a7 _bcbc _corignew _du _encip _f19 _gy-gencatlg |
||
| 942 |
_2lcc _cMONOGRAPH |
||
| 999 |
_c123767 _d123767 |
||